Corporate social responsibility and environmental accountability of business organizations (Record no. 1308939)

MARC details
000 -LEADER
fixed length control field 00487nam a22001697a 4500
005 - DATE AND TIME OF LATEST TRANSACTION
control field 20250529153225.0
008 - FIXED-LENGTH DATA ELEMENTS--GENERAL INFORMATION
fixed length control field 250414b |||||||| |||| 00| 0 eng d
020 ## - INTERNATIONAL STANDARD BOOK NUMBER
International Standard Book Number 9781682850404
040 ## - CATALOGING SOURCE
Transcribing agency SDCL
041 ## - LANGUAGE CODE
Source of code eng
Language code of text/sound track or separate title eng
084 ## - COLON CLASSIFICATION NUMBER
Classification number X:8 Q6
245 ## - TITLE STATEMENT
Title Corporate social responsibility and environmental accountability of business organizations
260 ## - PUBLICATION, DISTRIBUTION, ETC.
Place of publication, distribution, etc. New York :
Name of publisher, distributor, etc. Willford Press,
Date of publication, distribution, etc. 2016.
300 ## - PHYSICAL DESCRIPTION
Extent vi,201p.
700 ## - ADDED ENTRY--PERSONAL NAME
Personal name Hurley, Brian
942 ## - ADDED ENTRY ELEMENTS (KOHA)
Source of classification or shelving scheme Colon Classification (CC)
Koha item type Textual
700 ## - ADDED ENTRY--PERSONAL NAME
-- 328858
999 ## -
-- 1308939
-- 1308939
Holdings
Withdrawn status Lost status Source of classification or shelving scheme Damaged status Not for loan Home library Current library Date acquired Source of acquisition Inventory number Total checkouts Full call number Barcode Date last seen Price effective from Koha item type
    Colon Classification (CC)     South Campus Library South Campus Library 2025-04-14 The Book Seller IN-00036, 24/12/2024, USD 145.00   X:8 Q6 SC1690797 2025-04-14 2025-04-14 Textual
Copyright @ Delhi University Library System